00577cam a22002057a 4500003000500000005001700005008004100022010001000063011001000073035001000083040000900093100003200102245005600134260006300190300001000253490003200263650001600295650002800311830003200339CHAP20220817043401.0971013s1968 r 00010 d a73916 a74888 a84447 cCHAP1 aBarrera Vásquez, Alfredo. 0aPanorama de la biología en México ; dos ensayos aMéxico, D. F. :bCentro Nacional de Productividad,c1968 a80 p. 0aCiencia y Tecnologíav; 114aBiología.14aDesarrollo económico.0 aCiencia y Tecnologíav; 1